| 000 | 00422nam a22001577a 4500 | ||
|---|---|---|---|
| 020 | _a0471452580 | ||
| 082 |
_a625.7 _bWRI _cN-1, P-89 |
||
| 100 |
_aWright, Paul H _97049 |
||
| 245 |
_aHighway Engineering _cWright, Paul H |
||
| 250 | _a7th ed. | ||
| 260 |
_aUSA _bJohn Wiley & Sons _c2004 |
||
| 300 |
_avii, 677 p. _bill. _c28 cm. |
||
| 526 |
_a0 _b0 _c0 _d625_700000000000000_WRI |
||
| 650 |
_aNUST _96342 |
||
| 942 |
_2ddc _cBK |
||
| 999 |
_c547763 _d547763 |
||